Acumulación del capital inmobiliario y apropiación social del espacio público en el Paseo de la Reforma, Ciudad de México (Record no. 184341)
[ view plain ]
| 000 -CABECERA | |
|---|---|
| campo de control de longitud fija | 01484nab a2200253 a 4500 |
| 005 - FECHA Y HORA DE LA ÚLTIMA TRANSACCIÓN | |
| campo de control | 20210219162854.0 |
| 008 - ELEMENTOS DE LONGITUD FIJA--INFORMACIÓN GENERAL | |
| campo de control de longitud fija | 991125s1985 mx 000 0 spa u |
| 035 ## - NÚMERO DE CONTROL DEL SISTEMA | |
| Número de control de sistema | UPN01000212241 |
| 049 ## - COLECCIÓN | |
| Colección | ART |
| 100 1# - ASIENTO PRINCIPAL--NOMBRE PERSONAL | |
| Nombre de persona | Márquez López, Lisett |
| 100 1# - ASIENTO PRINCIPAL--NOMBRE PERSONAL | |
| Filiación | lismarq@hotmail.com |
| 222 #0 - TÍTULO CLAVE | |
| Título clave | ECONOMIA SOCIEDAD Y TERRITORIO |
| 245 00 - MENCIÓN DE TÍTULO | |
| Título | Acumulación del capital inmobiliario y apropiación social del espacio público en el Paseo de la Reforma, Ciudad de México |
| 260 ## - PUBLICACIÓN, DISTRIBUCIÓN, ETC. | |
| Lugar de publicación, distribución, etc. | Toluca, México |
| 300 ## - DESCRIPCIÓN FÍSICA | |
| Extensión | 71-101 |
| 362 0# - FECHAS DE PUBLICACIÓN Y/O DESIGNACIÓN SECUENCIAL | |
| Fecha de publicación y/o designación secuencial | 2016 Volumen 16, número 50, enero-abril |
| 520 3# - NOTA DE RESUMEN, ETC. | |
| Sumario, etc. | El Paseo de la Reforma en la Ciudad de México, con gran tradición histórica aristocrática, desde finales del 2000 ha sido transformado –por el capital inmobiliario-financiero nacional y trasnacional, y por el gobierno local– en moderno corredor terciario reservado para sedes corporativas de grandes empresas y residentes de altos ingresos; logrando así, reproducir las rentas del suelo localizadas, acumular capital y recrear un área icónica de la posmodernidad, exclusiva y excluyente; contradictoriamente, su espacio público sigue siendo escenario de la recreación popular y la protesta social y política |
| 653 0# - TERMINO DE INDIZACION - NO CONTROLADO | |
| Término no controlado | PASEO DE LA REFORMA, CIUDAD DE MEXICO |
| 653 0# - TERMINO DE INDIZACION - NO CONTROLADO | |
| Término no controlado | URBANISMO POSMODERNISTA |
| 653 0# - TERMINO DE INDIZACION - NO CONTROLADO | |
| Término no controlado | CAPITAL INMOBILIARIO |
| 856 4# - LOCALIZACIÓN Y ACCESO ELECTRÓNICOS | |
| Identificador Uniforme del Recurso | <a href="http://www.redalyc.org/articulo.oa?id=11143323004">http://www.redalyc.org/articulo.oa?id=11143323004</a> |
| 856 4# - LOCALIZACIÓN Y ACCESO ELECTRÓNICOS | |
| Identificador Uniforme del Recurso | <a href="http://est.cmq.edu.mx/numeros/num_50.pdf">http://est.cmq.edu.mx/numeros/num_50.pdf</a> |
| 905 ## - TIPO DE MATERIAL | |
| Tipo de material | Articulo |
No items available.
